000 01424nam0a22003611 4500
001 v19\rc\1321700
005 20260406165909.0
035 _a(NLR Aleph) 004559422
090 _a2253335
_c2253335
100 _a20060512d1833 |||y0rusy50 ca
101 0 _arus
102 _aRU
105 _ay z |||||
200 1 _aПохвальное слово императрице Марии Феодоровне, читанное в Имп. Российской академии 13 мая 1833 года членом сей Академии князем Платоном Ширинским-Шихматовым
210 _aСанкт-Петербург
_cтип. Рос. акад.
_d1833
215 _a[4], 96 с.
_d22
700 1 _8rus
_7ca
_aШиринский-Шихматов
_bП.А.
_f1790-1853
_gПлатон Александрович
_3RU\NLR\AUTH\7716440
_9126080
702 0 _4280
_8rus
_7ca
_aМария Федоровна
_cимператрица российская
_f1759-1828
_3RU\NLR\AUTH\7712606
_9122317
801 0 _aRU
_bNLR
_gpsbo
801 0 _aRU
_bRuMoRGB
_2psbo
801 1 _aRU
_bProSoft-M
_2rusmarc
852 _aNLR
_j18.232.4.16
899 _aRuMoRGB
_jD 16/150
899 _aRuMoRGB
_jU 74/232
899 _aRuMoRGB
_jU 319/36
899 _aRuMoRGB
_jМК
899 _aБАН
899 _aНБ СПбГУ
899 _aГПИБ
899 _aНБ МГУ
942 _cBOOK
980 _aNB